000 00482nam a2200181Ia 4500
008 090123s9999 xx 000 0 und d
082 _b2540
100 _aपै शिरीष
245 _aहृदयरंग
250 _a1
260 _bनिळकंठ प्रकाशन
_c1972
300 _a148
600 _aपै शिरीष
630 _aहृदयरंग
700 _aपै शिरीष
730 _aहृदयरंग
942 _cBOOK
999 _c40624
_d40624